| 000 | 00861cam a2200193 i 4500 | ||
|---|---|---|---|
| 005 | 20251228114430.0 | ||
| 008 | 250721s2005 ua gr 000 0 ara d | ||
| 082 | 1 | 4 |
_a218.6 _bأ ن د |
| 100 | 1 |
_aالاندلسي، عبدالله الترجمان _eمؤلف. |
|
| 245 | 1 | 0 |
_aتحفة الأريب في الرد على أهل الصليب / _cللقس انسلم تورميدا الشهير بعبد الله الترجمان الأندلسي ؛ تقديم وتحقيق وتعليق د. محمود علي حماية. |
| 250 | _aالطبعة الرابعة. | ||
| 264 | 3 | 1 |
_aالجيزة : _bمكتبة النافذة، _c2005. |
| 300 | _a148 صفحة. | ||
| 650 | 1 | 7 | _aالمناظرات. |
| 650 | 1 | 7 | _aدفع المطاعن عن الاسلام. |
| 700 | 1 |
_aحماية، محمود علي _eمحقق. |
|
| 942 |
_2ddc _cBK |
||
| 999 |
_c100098 _d100098 |
||